| 000 | 00653cac a2200217 a 4500 | ||
|---|---|---|---|
| 003 | Co-PeBPM | ||
| 005 | 20250503200020.0 | ||
| 008 | 231129e1974||||xx |||||||||||||| ||spa|| | ||
| 040 | 0 |
_aCo-PeBPM _bspa _cCo-PeBPM _erda |
|
| 041 | _aspa | ||
| 082 | 0 | 4 |
_a413.028 F363p _222 |
| 100 | 1 |
_aFernandez-Sevilla, Julio _eAutor |
|
| 245 | 1 | 0 |
_aProblemas De Lexicografía Actual _c/Julio Fernandez Sevilla |
| 260 |
_aBogotá, Colombia _b;Editorial Caro Y Cuervo _c,1974 |
||
| 300 |
_a190 Páginas _c; 21 Centímetros |
||
| 500 | _aIncluye Índice. | ||
| 650 | 1 | 4 |
_2LEMB _aEspañol |
| 650 | 1 | 4 |
_2LEMB _aGramática |
| 650 | 1 | 4 |
_2LEMB _aLexicografía |
| 942 |
_2ddc _cBK |
||
| 999 |
_c23261 _d23261 |
||